000 00766cam3a220024100 4500
001 lce00772247
008 730102s1973 nyua b 001 0 eng
010 _a 72014184 //r87
020 _a0471094196
_a047109420X (pbk.)
035 _a(Sirsi) r41258
035 _a(DLC) 72014184 //r87
035 _a(UPRA)lce00772247
050 0 _aGN60
_b.B73 1973
082 _a573/.08
100 1 _aBrace, C. Loring.
_6A101825.1
245 1 0 _aMan in evolutionary perspective
_c[compiled by] C. Loring Brace [and] James Metress.
260 _aNew York,
_bWiley
_c[1973]
504 _aIncludes bibliographies.
650 0 _aPhysical anthropology.
_6S215.1
700 1 _aMetress, Seamus P.
_6A101826.1
949 _aGN60
_wlcc
_i-50198
_mMAIN
_tBOOK
_lON-SHELF
004 41258
999 _c93733
_d93733